00455nam a2200085Ia 4500008004100000245002100041300024100062650001300303856005300316170517s9999 xx 000 0 und d aViolent Universe aTake a breathtaking journey into the future, five billion years from now, to see the ultimate fate of the Solar System. This gem from HubbleCast showcases stunning Hubble imagery of the death throes of Sun-like stars. The wreckage of... xScience. uhttp://topdocumentaryfilms.com/violent-universe/